000 00271nam a2200121Ia 4500
008 211105s9999 xx 000 0 und d
020 _aVYASA13363
100 _aMahajan Yogi
245 4 _aThe Ascent
250 _a\N
260 _bMotilal banarsidass
_c\N
300 _a122p.
999 _c6647
_d6647